| 000 | 00927nam a22002417a 4500 | ||
|---|---|---|---|
| 999 |
_c6223 _d6223 |
||
| 003 | AR-CdUCM | ||
| 008 | 190314b ||||| |||| 00| 0 spa d | ||
| 040 |
_aMUNICIPALIDAD PROVINCIAL DEL CUSCO _cBIBLIOTECA MUNICIPAL DEL CUSCO |
||
| 082 |
_a869.56 / _bC29 |
||
| 100 |
_aCarbonell Paredes, Juan _917935 |
||
| 245 | _aMeditaciones de un Oso Caminante / | ||
| 260 |
_aTrujilo : _bLibertad, _c1992. |
||
| 300 |
_a52 páginas ; _c20 cm. |
||
| 440 |
_aColección homenaje al centenario de César Vallejo _n20 _917936 |
||
| 500 | _aPaginación con impresión de sello al agua. | ||
| 505 | _aContenido: El hombre -- Hubo grandes -- Nadie -- Las primeras silabas... | ||
| 650 |
_aPoesía _9139 |
||
| 650 |
_aPoesía peuana _917937 |
||
| 650 |
_aSiglo XX _98 |
||
| 710 |
_aMunicipalidad provincial de Trujillo casa del artista. _tColección homenaje al centenario de César Vallejo. _917670 |
||
| 942 |
_2ddc _cLIBROS |
||
| 945 | _aJavier | ||